Políticas educativas en América Latina: ¿Transición hacia un nuevo paradigma?

Zapisane w:
Opis bibliograficzny
1. autor: García-Huidobro, Juan Eduardo coord, (autor)
Kolejni autorzy: Dupriez, Vincent coord (autor) coord, (autor), Francia, Guadalupe coord (autor) coord, (autor)
Format: Książka
Język:hiszpański
Hasła przedmiotowe:
Etykiety: Dodaj etykietę
Nie ma etykietki, Dołącz pierwszą etykiete!

MARC

LEADER 00000nam^a2200000^u^4500
001 000506602
005 20250521000000.0
008 090220s1000^^^^^^^^^^^^r^^^^^000^0^spa^d
009 20260310125959.87
022 |a 9789680117390 
035 |a FCE 000050808 
037 |a Acervo ITESO - Biblioteca 
041 |a spa 
082 0 4 |a 379.2098  |b GARp 
100 |a García-Huidobro, Juan Eduardo  |e coord  |e (autor) 
245 1 0 |a Políticas educativas en América Latina:  |b ¿Transición hacia un nuevo paradigma? 
264 |a México:  |b SEP: SEB,  |c 2008. 
300 |a 302 p. 
336 |a texto  |b txt  |2 rdacontenido 
337 |a sin mediación  |b n  |2 rdamedio 
338 |a volumen  |b nc  |2 rdasoporte 
649 |a XX 
650 |a Pobreza 
650 |a Escuelas privadas 
650 |a Escuelas públicas 
650 |a Aspectos sociales 
650 |a Equidad 
650 |a Eficacia escolar 
650 |a Gestión educativa 
650 |a Política educativa 
650 |a Trabajo docente 
700 |a Dupriez, Vincent  |e coord  |e (autor) 
700 |a Francia, Guadalupe  |e coord  |e (autor) 
910 |a Fondo Centro de Estudios Educativos 
920 |a Impresos - Libros 
930 |a Fondos Especiales 
905 |a 133 
901 |a ALE066341  |b IT2  |c CEE  |u 20250521 
901 |a ALE070862  |b IT2  |c CEE  |u 20250521 
901 |a ALE070863  |b IT2  |c CEE  |u 20250521 
902 |a https://opac.biblio.iteso.mx/vufind/Record/000506602